| 000 | 00642nam a2200253Ia 4500 | ||
|---|---|---|---|
| 008 | 170203s9999 xx 000 0 und d | ||
| 020 | _a431057850 | ||
| 050 | _a788.32 | ||
| 050 | _b.B234f 2007 | ||
| 100 | _aBarber, Nicola. | ||
| 245 | _aShould I learn to play the flute? / | ||
| 245 | _cNicola Barber. | ||
| 260 | _aOxford : | ||
| 260 | _bHarcourt Educational Ltd. | ||
| 260 | _c2007 | ||
| 300 | _a32 pages : | ||
| 300 | _bcol. ill. ; | ||
| 300 | _c25 cm. | ||
| 440 | _aLearning musical instruments. | ||
| 650 | _aFlute music. | ||
| 650 | _aFlute. | ||
| 650 | _xJuvenile literature. | ||
| 650 | _xJuvenile literature. | ||
| 999 |
_c305501 _d305501 |
||